Entrepreneurship / (Record no. 193901)

MARC details
000 -LEADER
fixed length control field 00848nam a2200253Ia 4500
003 - CONTROL NUMBER IDENTIFIER
control field OSt
005 - DATE AND TIME OF LATEST TRANSACTION
control field 20260129105935.0
008 - FIXED-LENGTH DATA ELEMENTS--GENERAL INFORMATION
fixed length control field 210716s2013 xx 000 0 und d
020 ## - INTERNATIONAL STANDARD BOOK NUMBER
International Standard Book Number 9781259001635
040 ## - CATALOGING SOURCE
Transcribing agency AIMIT LIBRARY
041 ## - LANGUAGE CODE
Language code of text/sound track or separate title eng
082 ## - DEWEY DECIMAL CLASSIFICATION NUMBER
Classification number 338.04
Edition number 8
Item number HISR
100 ## - MAIN ENTRY--PERSONAL NAME
Personal name Hisrich, Robert D.
9 (RLIN) 253071
245 ## - TITLE STATEMENT
Title Entrepreneurship /
Statement of responsibility, etc. By Robert D Hisrich...[et.al].
250 ## - EDITION STATEMENT
Edition statement 8th ed.
260 ## - PUBLICATION, DISTRIBUTION, ETC.
Place of publication, distribution, etc. New Delhi :
Name of publisher, distributor, etc. Tata McGraw Hill Publishing Company Ltd ,
Date of publication, distribution, etc. 2013.
300 ## - PHYSICAL DESCRIPTION
Extent xxvii,712p. ;
Other physical details PB
Dimensions 24.2 cm
650 ## - SUBJECT ADDED ENTRY--TOPICAL TERM
Topical term or geographic name entry element From idea to the opportunity
9 (RLIN) 253072
650 ## - SUBJECT ADDED ENTRY--TOPICAL TERM
Topical term or geographic name entry element From the opportunity to the business plan
9 (RLIN) 253073
650 ## - SUBJECT ADDED ENTRY--TOPICAL TERM
Topical term or geographic name entry element From the business plan to funding the venture
9 (RLIN) 253074
700 ## - ADDED ENTRY--PERSONAL NAME
Personal name Fellow, Mathew J Manimala.
9 (RLIN) 253075
700 ## - ADDED ENTRY--PERSONAL NAME
Personal name Peters, Michael P.
9 (RLIN) 253076
942 ## - ADDED ENTRY ELEMENTS (KOHA)
Source of classification or shelving scheme Dewey Decimal Classification
Koha item type Book
Edition 8th
Call number prefix 338.04 HISR
Holdings
Withdrawn status Lost status Source of classification or shelving scheme Damaged status Not for loan Collection code Home library Current library Source of acquisition Cost, normal purchase price Inventory number Total Checkouts Full call number Barcode Date last seen Cost, replacement price Price effective from Koha item type
    Dewey Decimal Classification     MCA St Aloysius Institute of Management & Information Technology St Aloysius Institute of Management & Information Technology Higginbothams Pvt Ltd 595.00 Bill no:1492; Bill dt:2014-03-15   338.04 HISR MCA13409 05/23/2026 446.25 07/16/2021 Book